000 00698nam a2200205 i 4500
001 147407
003 ES-MaACL
005 20250928093947.0
007 t|
008 070928s1914 sp ||||1| spa d
080 _a929 Lasso de la Vega, García 1501?-1536
100 1 _aLaurencín, Francisco Rafael de Uhagón
_cMarqués de.
_970617
245 1 0 _aGarcilaso de la Vega y su retrato /
_cinforme por el Maqués de Laurencín.
260 _aMadrid :
_bReal Academia de la Historia,
_c1914.
300 _a33 p. :
_bil. ;
_c26 cm.
600 0 4 _aGarcilaso de la Vega,
_d1501-1536
_955471
852 _aES-MaACL
_jT-1453-F-9
852 _aES-MaACL
_j2091-F-23
_bR.90656
999 _c147407
_d147407